Úvod do logistiky co je logistika?
Salvato in:
| Autore principale: | |
|---|---|
| Altri autori: | |
| Natura: | Libro |
| Lingua: | ceco |
| Pubblicazione: |
Praha
BaBtext
[1994]
|
| Edizione: | 2. vyd. |
| Serie: | Univerzitní edice
U 10 |
| Soggetti: | |
| Tags: |
Nessun Tag, puoi essere il primo ad aggiungerne!!
|
MARC
| LEADER | 00000nam a2200000 4500 | ||
|---|---|---|---|
| 001 | c005746 | ||
| 005 | 20221214075036.1 | ||
| 020 | |a 80-85816-06-7 | ||
| 041 | 0 | |a cze | |
| 044 | |a CZ | ||
| 245 | 1 | 0 | |a Úvod do logistiky |b co je logistika? |c Bernd H. Kortschak ; prekl. Petr Skolek |
| 250 | |a 2. vyd. | ||
| 264 | 1 | |a Praha |b BaBtext |c [1994] | |
| 300 | |a 176 s. | ||
| 490 | 1 | |a Univerzitní edice |v U 10 | |
| 830 | 0 | |a Univerzitní edice |v U 10 | |
| 610 | 2 | 0 | |a logistika |
| 610 | 2 | 0 | |a doprava |
| 610 | 2 | 0 | |a hospodárstvo skladové |
| 610 | 2 | 0 | |a zásoby |
| 610 | 2 | 0 | |a zásobovanie |
| 610 | 2 | 0 | |a správanie hospodárske |
| 610 | 2 | 0 | |a distribúcia |
| 610 | 2 | 0 | |a výroba |
| 610 | 2 | 0 | |a výrobky |
| 610 | 2 | 0 | |a manažment |
| 610 | 2 | 0 | |a Európske spoločenstvá |
| 100 | 1 | |a Kortschak, Bernd H. | |
| 700 | 1 | |a Skolek, Petr | |